| 000 | 00783cam a22002533a 4500 | ||
|---|---|---|---|
| 001 | 8906 | ||
| 003 | PGUSA | ||
| 005 | 20140828083206.0 | ||
| 008 | 050901s2005||||xxu|||||s|||||000 | eng d | ||
| 040 |
_aPGUSA _beng |
||
| 042 | _adc | ||
| 050 | 4 | _aBV | |
| 100 | 1 |
_aLivingstone, W. P. _q(William Pringle) |
|
| 245 | 1 | 0 |
_aMary Slessor of Calabar : _bPioneer Missionary _h[electronic resource] / _cW. P. Livingstone |
| 260 |
_bProject Gutenberg, _c2005 |
||
| 506 | _aPublic domain in the USA. | ||
| 516 | _aElectronic text | ||
| 653 | _aMissionaries -- Nigeria -- Biography | ||
| 653 | _aSlessor, Mary Mitchell, 1848-1915 | ||
| 653 | _aMissionaries -- Scotland -- Biography | ||
| 830 | 0 |
_aProject Gutenberg _v8906 |
|
| 856 | 4 | 0 | _uhttp://www.gutenberg.org/ebooks/8906 |
| 942 | _cEB | ||
| 999 |
_c238190 _d238190 |
||